Lectures on fibre bundles and differential geometry /

Bibliographic Details
Main Author: Koszul, J. L. (Jean Louis)
Format: Book
Language:English
Published: Berlin ; New York : Springer-Verlag : Published for the Tata Institute of Fundamental Research, 1986.
Series:Lectures on mathematics and physics. Mathematics ; 20.
Subjects:

MARC

Tag First Indicator Second Indicator Subfields
LEADER 00000cam a2200000 a 4500
001 in00000017121
005 20151007053403.0
008 870929r19861960wb b 00010 eng d
020 |a 038712876X (U.S.) 
035 |a (OCoLC)16772419 
035 |9 AAB1476AM 
040 |a ORZ  |c ORZ  |d DXU  |d OCL  |d TXA  |d UtOrBLW 
049 |a TXAM  |c [A10990026] 
050 4 |a QA612.6  |b .K68 1986 
100 1 |a Koszul, J. L.  |q (Jean Louis) 
245 1 0 |a Lectures on fibre bundles and differential geometry /  |c by J.L. Koszul. 
264 1 |a Berlin ;  |a New York :  |b Springer-Verlag :  |b Published for the Tata Institute of Fundamental Research,  |c 1986. 
300 |a 127 pages ;  |c 25 cm. 
336 |a text  |b txt  |2 rdacontent 
337 |a unmediated  |b n  |2 rdamedia 
338 |a volume  |b nc  |2 rdacarrier 
490 1 |a Lectures on mathematics and physics. Mathematics ;  |v 20 
500 |a "Tata Institute of Fundamental Research, Bombay, 1960 (reissued 1986)"--Cover. 
504 |a Bibliography: pages 125-127. 
650 0 |a Fiber bundles (Mathematics) 
650 0 |a Geometry, Differential. 
740 0 |a Fibre bundles and differential geometry. 
830 0 |a Lectures on mathematics and physics.  |p Mathematics ;  |v 20. 
999 |a MARS 
999 f f |s e792e30b-47e6-33a3-998e-0b80ddbd636c  |i fd5302c9-c7f8-3cdb-9178-37f372b7793a  |t 0 
952 f f |p normal  |a Texas A&M University  |b College Station  |c Sterling C. Evans Library  |d Evans: Library Stacks  |t 0  |e QA612.6 .K68 1986  |h Library of Congress classification  |i unmediated -- volume  |m A14810990026 
998 f f |a QA612.6 .K68 1986  |t 0  |l Evans: Library Stacks